[Event "Muensterland Verbandsklasse-A 0203"]
[Site "Muensterland"]
[Date "2002.12.14"]
[Round "4.5"]
[White "Steens, Rudolf"]
[Black "Goihl, Herbert"]
[Result "1/2-1/2"]
[WhiteElo "1906"]
[BlackElo "1659"]
[PlyCount "86"]
[EventDate "2002.09.28"]
[EventType "team-tourn"]
[EventRounds "9"]
[EventCountry "GER"]
[SourceTitle "EXT 2004"]
[Source "ChessBase"]
[SourceDate "2003.11.25"]
[SourceVersion "1"]
[SourceVersionDate "2003.11.25"]
[SourceQuality "1"]
[WhiteTeam "Nordwalde"]
[BlackTeam "Emsdetten Turm III"]
[WhiteTeamCountry "GER"]
[BlackTeamCountry "GER"]

1. e4 c5 2. c3 d5 3. exd5 Qxd5 4. d4 Nf6 5. Nf3 Bg4 6. Be2 e6 7. 0-0 cxd4 8. cxd4 Be7 9. Nc3 Qd8 10. h3 Bh5 11. Qb3 Qb6 12. Bb5+ Nbd7 13. g4 Bg6 14. d5 0-0 15. g5 Nc5 16. gxf6 Nxb3 17. fxe7 Nxa1 18. exf8Q+ Rxf8 19. Be3 Qd6 20. Rxa1 exd5 21. Rd1 Qf6 22. Nh2 Qh4 23. Bf1 Rd8 24. Rd4 Qh5 25. Bg2 Bf5 26. Nxd5 Re8 27. Nf4 Qh4 28. Nd5 Qh5 29. Nf4 Qh4 30. Nf3 Qf6 31. Nd5 Qd8 32. Bg5 Qa5 33. Ne7+ Kf8 34. Rd5 Qxa2 35. Rxf5 Qb1+ 36. Kh2 Rxe7 37. Bxe7+ Kxe7 38. Re5+ Kd7 39. Re2 f6 40. Rd2+ Ke7 41. Re2+ Kf7 42. Rd2 Ke7 43. Re2+ Kf7 1/2-1/2

[Event "Muensterland Verbandsklasse-A 0203"]
[Site "Muensterland"]
[Date "2002.11.09"]
[Round "2.7"]
[White "Hedwig, Johannes"]
[Black "Goihl, Herbert"]
[Result "0-1"]
[WhiteElo "1701"]
[BlackElo "1659"]
[PlyCount "72"]
[EventDate "2002.09.28"]
[EventType "team-tourn"]
[EventRounds "9"]
[EventCountry "GER"]
[SourceTitle "EXT 2004"]
[Source "ChessBase"]
[SourceDate "2003.11.25"]
[SourceVersion "1"]
[SourceVersionDate "2003.11.25"]
[SourceQuality "1"]
[WhiteTeam "Emsdetten Rochade"]
[BlackTeam "Emsdetten Turm III"]
[WhiteTeamCountry "GER"]
[BlackTeamCountry "GER"]

1. e4 c5 2. Nf3 d6 3. d4 cxd4 4. Nxd4 Nf6 5. Nc3 a6 6. Be2 e5 7. Nb3 Be7 8. Be3 Be6 9. 0-0 0-0 10. f4 Qc7 11. f5 Bc4 12. Qe1 d5 13. exd5 Bb4 14. Bd2 Qb6+ 15. Kh1 Bxd5 16. Nxd5 Nxd5 17. c3 Bd6 18. Bf3 Nf6 19. Bg5 Nbd7 20. Rd1 Rfe8 21. Bxf6 Nxf6 22. Bxb7 Rad8 23. Be4 a5 24. Rb1 Qb5 25. Nd2 Bc7 26. Bf3 Qa4 27. Bd1 Qc6 28. Be2 e4 29. Nc4 Bb8 30. Ne3 Qc7 31. g3 Ba7 32. Ng2 e3 33. Bf3 Qb6 34. Nf4 Rd2 35. Qc1 Ne4 36. Bxe4 Rxe4 0-1